Skip to main content
Your cart is empty.
Your lists
Log in to create your own lists
Your cookies
العربية
English
العربية
Home
Search
Advanced search
Authority search
About
The noble scholar, jurist, historian
His Excellency Dr. Abdul Wahhab bin Ibrahim Abu Sulaiman, may Allah have mercy on him.
He was born in Umm Al-Qura in the year 1356 AH.
Library catalog
Title
Author
Subject
ISBN
ISSN
Series
Call number
Log in to your account
×
Login:
Password:
Home
MARC view: رسالة في السياسة الشرعية /
Normal view
MARC view
ISBD view
رسالة في السياسة الشرعية / (Record no. 7125)
[
view plain
]
MARC details
000 -LEADER
fixed length control field
01751cam a22003971i 4500
003 - CONTROL NUMBER IDENTIFIER
control field
SA-RiAUC
005 - DATE AND TIME OF LATEST TRANSACTION
control field
20250417073942.0
008 - FIXED-LENGTH DATA ELEMENTS--GENERAL INFORMATION
fixed length control field
250416s2002 ts g b 000 0 ara c
040 ## - CATALOGING SOURCE
Original cataloging agency
SA-RiAUC
Language of cataloging
ara
Transcribing agency
SA-RiAUC
Description conventions
rda
082 04 - DEWEY DECIMAL CLASSIFICATION NUMBER
Classification number
257
Assigning agency
SA-RiAUC
090 ## - LOCALLY ASSIGNED LC-TYPE CALL NUMBER (OCLC); LOCAL CALL NUMBER (RLIN)
Classification number (OCLC) (R) ; Classification number, CALL (RLIN) (NR)
257
Local cutter number (OCLC) ; Book number/undivided call number, CALL (RLIN)
م ح م
100 1# - MAIN ENTRY--PERSONAL NAME
Personal name
محمد بيرم، محمد بن حسين بن أحمد،
Numeration
الأول،
Dates associated with a name
1130-1214 هجري
Relator term
مؤلف.
245 10 - TITLE STATEMENT
Title
رسالة في السياسة الشرعية /
Statement of responsibility, etc.
محمد بن حسين بيرم ؛ تحقيق وتعليق محمد الصالح العسلي ؛ راجعه وقدم له عز الدين بن زغيبة.
264 #1 - PRODUCTION, PUBLICATION, DISTRIBUTION, MANUFACTURE, AND COPYRIGHT NOTICE
Place of production, publication, distribution, manufacture
دبي، الولايات المتحدة الأمريكية :
Name of producer, publisher, distributor, manufacturer
مركز جمعة الماجد للثقافة والتراث،
Date of production, publication, distribution, manufacture, or copyright notice
2002
300 ## - PHYSICAL DESCRIPTION
Extent
219 صفحة ؛
Dimensions
24 سم
336 ## - CONTENT TYPE
Content type term
نص
Content type code
txt
Source
rdacontent
Materials specified
كتاب
337 ## - MEDIA TYPE
Media type term
بدون وسيط
Media type code
n
Source
rdamedia
338 ## - CARRIER TYPE
Carrier type term
مجلد
Carrier type code
nc
Source
rdacarrier
504 ## - BIBLIOGRAPHY, ETC. NOTE
Bibliography, etc. note
بببليوجرافية : صفحة 211-217.
650 #7 - SUBJECT ADDED ENTRY--TOPICAL TERM
Topical term or geographic name entry element
النظام السياسي في الإسلام
Source of heading or term
aucsh
653 1# - INDEX TERM--UNCONTROLLED
Uncontrolled term
بيرم التونسي، محمد بن حسين بن أحمد.
653 ## - INDEX TERM--UNCONTROLLED
Uncontrolled term
VIE CULTURELLE.
653 ## - INDEX TERM--UNCONTROLLED
Uncontrolled term
الحياة الثقافية.
653 ## - INDEX TERM--UNCONTROLLED
Uncontrolled term
الأوضاع الإجتماعية.
653 ## - INDEX TERM--UNCONTROLLED
Uncontrolled term
SITUATION SOCIALE.
653 ## - INDEX TERM--UNCONTROLLED
Uncontrolled term
النظام القضائي.
653 ## - INDEX TERM--UNCONTROLLED
Uncontrolled term
ORGANISATION JUDICIAIRE.
653 ## - INDEX TERM--UNCONTROLLED
Uncontrolled term
المصادر التاريخية.
653 ## - INDEX TERM--UNCONTROLLED
Uncontrolled term
SOURCE HISTORIQUE.
653 ## - INDEX TERM--UNCONTROLLED
Uncontrolled term
تونس.
653 ## - INDEX TERM--UNCONTROLLED
Uncontrolled term
TUNISIE.
700 1# - ADDED ENTRY--PERSONAL NAME
Personal name
العسلي، محمد صالح
Relator term
محقق.
700 1# - ADDED ENTRY--PERSONAL NAME
Personal name
بن زغيبة، عز الدين،
Dates associated with a name
1965-
Relator term
مراجع.
942 ## - ADDED ENTRY ELEMENTS (KOHA)
Source of classification or shelving scheme
Dewey Decimal Classification
Koha item type
Books
Suppress in OPAC
No
949 ## - LOCAL PROCESSING INFORMATION (OCLC)
a
SA-JeALM
d
250416
u
mohamedma123
n
1
Holdings
Withdrawn status
Lost status
Source of classification or shelving scheme
Damaged status
Not for loan
Home library
Current library
Date acquired
Total checkouts
Full call number
Barcode
Date last seen
Price effective from
Koha item type
Dewey Decimal Classification
DR AbdElwahab Library
DR AbdElwahab Library
04/17/2025
257 م ح م
000011887
04/17/2025
04/17/2025
Books
Place hold
Print
Add to your cart
(remove)
Save record
BIBTEX
Dublin Core
MARCXML
MARC (non-Unicode/MARC-8)
MARC (Unicode/UTF-8)
MARC (Unicode/UTF-8, Standard)
MODS (XML)
RIS
ISBD
More searches
Search for this title in:
Other Libraries (WorldCat)
Other Databases (Google Scholar)
Online Stores (Bookfinder.com)
Open Library (openlibrary.org)
Exporting to Dublin Core...
×
Simple DC-RDF
OAI-DC
SRW-DC